Tallis's London street views (Record no. 114003)

MARC details
000 -LEADER
fixed length control field 00788cam a22001815a 4500
001 - CONTROL NUMBER
control field L156046
008 - FIXED-LENGTH DATA ELEMENTS--GENERAL INFORMATION
fixed length control field 120426m18381840xxk f 000 0 eng d
035 ## - SYSTEM CONTROL NUMBER
System control number (Sirsi) u156046
041 0# - LANGUAGE CODE
Language code of text/sound track or separate title eng
100 1# - MAIN ENTRY--PERSONAL NAME
Personal name Tallis, John
Dates associated with a name 1815 or 6-1876
245 00 - TITLE STATEMENT
Title Tallis's London street views
Remainder of title exhibiting upwards of one hundred buildings in each number, elegantly engraved on steel, with a commercial directory corrected every month, the whole forming a complete stranger's guide through London ... To which is added an index map of the streets
260 ## - PUBLICATION, DISTRIBUTION, ETC.
Place of publication, distribution, etc. London
Name of publisher, distributor, etc. Published for John Tallis ...
Date of publication, distribution, etc. [1838-1840]
300 ## - PHYSICAL DESCRIPTION
Extent 88 pts
Other physical details ill., maps, plans
Dimensions 15 x 23 cm.
583 ## - ACTION NOTE
Action Condition reviewed
Time/date of action 20120620
Status condition level 1
651 #4 - SUBJECT ADDED ENTRY--GEOGRAPHIC NAME
Geographic name London
690 ## - LOCAL SUBJECT ADDED ENTRY--TOPICAL TERM (OCLC, RLIN)
Topical term or geographic name as entry element Infrastructure
9 (RLIN) 6246
942 ## - ADDED ENTRY ELEMENTS (KOHA)
Suppress in OPAC 0
Holdings
Withdrawn status Lost status Source of classification or shelving scheme Damaged status Not for loan Home library Current library Shelving location Date acquired Total Checkouts Full call number Barcode Date last seen Copy number Price effective from Koha item type
    Dewey Decimal Classification     Historic collection Historic collection Historic collection 26/04/2012   QUARTO 1838 TALLIS 30075878 06/08/2019 1 06/08/2019 Book